Znění ticha : filosofický esej o umění / Jan Czech ; obálka a graf. úprava Milan Pašek
Record details
- ISBN: 80-901671-0-1
- Physical Description: 93 s. : reprofotogr. ; 21 cm.
- Edition: 1. vyd.
- Publisher: Praha : Pražská scéna, 1994
Content descriptions
| General Note: | Odkazy na lit Pozn |
Search for related items by subject
| Subject: | eseje filozofie umění filosofie umění |
Search for related items by series
Available copies
- 1 of 1 copy available at Common Catalog SPOK.
Holds
- 0 current holds with 1 total copy.
Show Only Available Copies
| Location | Call Number / Copy Notes | Barcode | Shelving Location | Status | Due Date |
|---|---|---|---|---|---|
| Jabok Library | FL-3/Cz | 424480005224 | Odborná literatura | Available | - |
| LDR | 01456cam a22004697a 4500 | ||
|---|---|---|---|
| 001 | 15686 | ||
| 003 | CZ-PrJAB | ||
| 005 | 20200113103227.0 | ||
| 007 | ta | ||
| 008 | 051110s1994 xr |||||||||||000 e cze | ||
| 015 | . | ‡acnb000088425 | |
| 020 | . | ‡a80-901671-0-1 | |
| 035 | . | ‡a(CZ PrSKC)000122959 | |
| 035 | . | ‡a(OCoLC)39587244 | |
| 040 | . | ‡aABA001 ‡bcze ‡cABA001 ‡dABD027 ‡dABD067 ‡ečnb | |
| 080 | . | ‡a7.01 | |
| 100 | 1 | . | ‡aCzech, Jan, ‡d1951- ‡7jk01020903 ‡4aut |
| 245 | 1 | 0. | ‡aZnění ticha : ‡bfilosofický esej o umění / ‡cJan Czech ; obálka a graf. úprava Milan Pašek |
| 250 | . | ‡a1. vyd. | |
| 260 | . | ‡aPraha : ‡bPražská scéna, ‡c1994 | |
| 300 | . | ‡a93 s. : ‡breprofotogr. ; ‡c21 cm. | |
| 490 | 1 | . | ‡aScéna |
| 500 | . | ‡aOdkazy na lit | |
| 500 | . | ‡aPozn | |
| 650 | 0 | 7. | ‡aeseje ‡2ctt |
| 650 | 0 | 7. | ‡afilozofie umění ‡2ctt |
| 650 | 0 | 4. | ‡afilosofie umění |
| 700 | 1 | . | ‡aPašek, Milan, ‡d1955-1998 ‡7jo2002106256 ‡4410 |
| 830 | 0. | ‡aScéna | |
| 910 | . | ‡aABG312 | |
| 995 | . | ‡aska | |
| 901 | . | ‡a15686 ‡bCZ PrSKC ‡c15686 ‡tbiblio | |